000 00493nam a22002177a 4500
003 bpm
005 20260316112357.0
008 260316b |||||||| |||| 001 p spa d
020 _a9789878805832
024 _aS. C. C. / M. C. y E. M.:
040 _aAR-CtUCP
041 _aspa
080 _aCDU
100 _aKraft Graciela
245 _aAldeas de paz
250 _a1a. ed.
260 _aCórdoba
_baBrace
_c2021
650 _aLiteratura-Poesía
942 _cLIB
999 _c76580
_d76580